000 00777nam a2200241Ia 4500
003 OSt
005 20220923220813.0
006 a|||||r|||| 00| 0
007 ta
008 220922b |||||||| |||| 00| 0 hin d
024 _a190,621
037 _cTextual
040 _aARTS
_cARTS
_bhin
041 _2hin
_ahin
082 _aR6, L3
100 _aझा, हरि मोहन, संपा.
_9164637
245 0 _aदार्शनिक विवेचनाएंॅ
246 _aDārshanik vivechanāeanॅ
260 _aपटना
_b बिहार हिन्दी ग्रंथ अकादमी
_c1973
300 _a172पृ.
_ccm.
942 _hR6, L3
_cTEXL
_2CC
999 _c343396
_d343396